[Event "Open"]
[Site "Pamplona ESP"]
[Date "2003.12.25"]
[Round "6"]
[White "Hernandez,I PER"]
[Black "Gomez Anadon,D"]
[Result "1/2-1/2"]
[WhiteElo "2294"]
[BlackElo "2229"]

1.d4 d5 2.Nf3 Nf6 3.c4 e6 4.Nc3 c6 5.e3 Nbd7 6.Qc2 Bd6 7.e4 dxe4 8.Nxe4 Nxe4
9.Qxe4 c5 10.Bg5 Be7 11.Bxe7 Qa5+ 12.Ke2 Kxe7 13.g3 Rd8 14.Bg2 cxd4 15.Qxd4 Nf6
16.Qe3 Ng4 17.Qg5+ Qxg5 18.Nxg5 Bd7 19.b3  1/2-1/2

[Event "North American Open"]
[Site "Las Vegas USA"]
[Date "2003.12.26"]
[Round "1"]
[White "Vigorito,D"]
[Black "Kaidanov,G"]
[Result "0-1"]
[WhiteElo "2372"]
[BlackElo "2624"]

1.c4 e6 2.Nc3 d5 3.d4 Nf6 4.Nf3 c6 5.e3 Nbd7 6.Qc2 Bd6 7.Bd3 O-O 8.O-O dxc4
9.Bxc4 b5 10.Be2 Bb7 11.Rd1 Qc7 12.e4 e5 13.g3 Rfe8 14.a3 exd4 15.Nxd4 Be5
16.Be3 a6 17.Rac1 c5 18.Nf5 Bxc3 19.Qxc3 Bxe4 20.Nd6 Re6 21.Bxc5 Nxc5 22.Qxc5 Qxc5
23.Rxc5 Bd5 24.Nxb5 axb5 25.Bxb5 Bf3 26.Rdc1 h5 27.h3 Rd8 28.R5c3 Be2 29.Bxe2 Rxe2
30.R1c2 Rdd2 31.Rxd2 Rxd2 32.b4 Rb2 33.Rc8+ Kh7 34.Rc4 Ra2 35.Rc3 Ne4 36.Rb3 Nd2
37.Rd3 Nc4 38.b5 Rb2 39.Rd5 g6 40.a4 Rb4 41.Rd7 Kg7 42.Ra7 Nb2 43.a5 Rxb5
44.a6 Ra5 45.Rb7 Nd3 46.a7 Ra2  0-1

[Event "46th It"]
[Site "Reggio Emilia ITA"]
[Date "2003.12.27"]
[Round "1"]
[White "Georgiev,Vl"]
[Black "Komarov,D"]
[Result "1/2-1/2"]
[WhiteElo "2596"]
[BlackElo "2566"]

1.c4 e6 2.Nc3 d5 3.d4 c6 4.e3 Nf6 5.Nf3 Nbd7 6.Bd3 dxc4 7.Bxc4 b5 8.Be2 Bb7
9.O-O Be7 10.e4 b4 11.e5 bxc3 12.exf6 Bxf6 13.bxc3 c5 14.Bd3 O-O 15.Rb1 Bd5
16.Bf4 cxd4 17.cxd4 Bxa2 18.Bxh7+ Kxh7 19.Qc2+ Kg8 20.Qxa2 Nb6 21.Be5 Nd5
22.Qa6 Qc8 23.Rb7 Bxe5 24.dxe5 Nb4 25.Qb5 a5 26.Ng5 Qd8 27.h4 Qd3 28.Qa4 Qf5
29.Nxf7 Rxf7 30.Rxb4 axb4 31.Qxa8+ Kh7 32.Qa2 Rb7 33.Rb1 Qxe5 34.Qc4 b3 35.Qd3+ Kh8
36.Qd8+  1/2-1/2

[Event "7th White Tower Open"]
[Site "Thessaloniki GRE"]
[Date "2003.12.27"]
[Round "8"]
[White "Oreopoulos,K"]
[Black "Exizoglou,D"]
[Result "1/2-1/2"]
[WhiteElo "2256"]
[BlackElo "2164"]

1.d4 d5 2.c4 c6 3.Nf3 Nf6 4.Nc3 e6 5.e3 Nbd7 6.Qc2 Bd6 7.Bd3 O-O 8.O-O Qe7
9.Bd2 dxc4 10.Bxc4 e5 11.h3 b6 12.Ne4 Nxe4 13.Qxe4 Bb7 14.Bc3 exd4 15.Qxd4 Nf6
16.Qh4 Ne4 17.Qxe7 Bxe7 18.Be5 Nd6 19.Be2 c5 20.a4 a6 21.Rac1 Rac8 22.Nd2 Rfd8
23.Rc2 a5 24.b3 Bd5 25.Bf3 Bxf3 26.gxf3 Kf8 27.Rfc1 f6 28.Bf4 Ke8 29.Kf1 Kd7
30.Ke2 Kc6 31.Bxd6 Bxd6 32.Nc4 Rd7 33.Rd2 Bc7 34.Rxd7 Kxd7 35.Rg1 g6 36.h4 Kc6
37.Na3 Re8 38.Rg4 Re5 39.Re4 Kd5 40.Nb5 Bb8 41.Nc3+ Ke6 42.Kd3 f5 43.Rc4 Kd7
44.h5 Re6 45.hxg6 hxg6 46.Rh4 Be5 47.Nd5 Kc6 48.e4 b5 49.Rh7 bxa4 50.bxa4 Bd4
51.Rh2 Bb2 52.Rg2 c4+ 53.Kxc4 fxe4 54.Rxg6 Rxg6 55.Ne7+ Kb6 56.Nxg6 exf3
57.Nh4 Ba3 58.Nxf3 Bc5 59.Nd4 Bd6 60.Kd5 Bh2 61.Ne6 Kb7 62.f4 Bg3 63.Kc5 Kc8
64.Kc6 Be1 65.Nc5 Kd8 66.Nb3 Ke7 67.Kb5 Bg3 68.f5 Kf6 69.Nxa5 Kxf5 70.Nc6 Be1
71.Nb4 Ke6 72.a5 Kd7 73.a6 Kc8 74.Nd3 Bg3 75.Nc5 Kb8  1/2-1/2

[Event "ch-Arab m"]
[Site "Cairo EGY"]
[Date "2003.12.28"]
[Round "9"]
[White "Ayyad,M"]
[Black "Doghri,N"]
[Result "0-1"]
[WhiteElo "2092"]
[BlackElo "2313"]

1.d4 Nf6 2.Nf3 d5 3.c4 e6 4.Nc3 c6 5.e3 Nbd7 6.Bd3 dxc4 7.Bxc4 b5 8.Bd3 b4
9.Na4 c5 10.dxc5 Nxc5 11.Nxc5 Bxc5 12.Bb5+ Bd7 13.Bxd7+ Nxd7 14.b3 Qf6 15.Rb1 Qg6
16.Bb2 O-O 17.O-O Nb6 18.Ne5 Qh6 19.Qf3 Nd5 20.e4 Nf6 21.Ng4 Nxg4 22.Qxg4 f5
23.exf5 Rxf5 24.Bd4 Bd6 25.h3 Raf8 26.Be3 Qf6 27.Qd4 Rd5 28.Qxf6 gxf6 29.Rfd1 Kf7
30.Kf1 Rc8 31.Rbc1 Rxc1 32.Rxc1 Ra5 33.Rc2 f5 34.f4 Ke7 35.g4 fxg4 36.hxg4 h5
37.g5 Rf5 38.Rf2 Kf7 39.Bxa7 Bxf4 40.Ke2 Kg6 41.Bc5 h4 42.Bxb4 h3 43.Bc3 h2
44.Rf1 Be3 45.Rh1 Bg1 46.Bd2 Rf2+ 47.Ke1 Rg2 48.Bf4 Kf5 49.Bxh2 Bxh2 50.a4 Kxg5
51.a5 Ra2  0-1

[Event "33rd Rilton Cup"]
[Site "Stockholm SWE"]
[Date "2003.12.28"]
[Round "2"]
[White "Milanovic,Da"]
[Black "Eriksson,Jor"]
[Result "1-0"]
[WhiteElo "2446"]
[BlackElo "2217"]

1.d4 d5 2.c4 e6 3.Nc3 c6 4.e3 Nf6 5.Nf3 Ne4 6.Nxe4 dxe4 7.Nd2 f5 8.b3 Nd7
9.Bb2 Qg5 10.Qe2 Bd6 11.O-O-O O-O 12.f4 Qe7 13.g4 b6 14.Kb1 c5 15.gxf5 exf5
16.d5 Nf6 17.Rg1 Qf7 18.Bh3 h6 19.Rg3 Kh7 20.Rdg1 Rg8 21.Bf1 Bd7 22.Qg2 g6
23.Rh3 Ng4 24.Be2 Rae8 25.Rg3 Nxe3 26.Rxe3 Bxf4 27.Nf1 Bxe3 28.Nxe3 f4 29.Rf1 g5
30.Bg4 Bxg4 31.Nxg4 Rg6 32.Ne5 Qf5 33.Nxg6 e3+ 34.Qc2 Kxg6 35.d6 e2 36.Re1 f3  1-0

[Event "Christmas Open"]
[Site "Zurich SUI"]
[Date "2003.12.28"]
[Round "4"]
[White "Moor,O"]
[Black "Grabarczyk,M"]
[Result "1-0"]
[WhiteElo "2352"]
[BlackElo "2509"]

1.d4 d5 2.c4 c6 3.Nf3 Nf6 4.Nc3 e6 5.e3 Nbd7 6.Bd3 b6 7.e4 dxe4 8.Nxe4 Bb7
9.Qe2 Be7 10.O-O O-O 11.Bf4 c5 12.dxc5 bxc5 13.Rad1 Qb6 14.Rd2 Rad8 15.Nc3 a6
16.Rfd1 Nb8 17.Ne5 Nc6 18.Qe3 Nd4 19.Qh3 g6 20.Qe3 Rfe8 21.Bg5 Nf5 22.Bxf5 exf5
23.Rxd8 Bxd8 24.Nd7 Rxe3 25.Nxb6 Re8 26.Rxd8 Rxd8 27.Bxf6 Rd2 28.Nba4 Bc6
29.h4 Bxa4 30.Nxa4 Rc2 31.Bc3 f4 32.Nxc5 a5 33.Nd3 a4 34.a3 Kf8 35.Kf1  1-0

[Event "North American Open"]
[Site "Las Vegas USA"]
[Date "2003.12.29"]
[Round "5"]
[White "Gurevich,D"]
[Black "Kaidanov,G"]
[Result "0-1"]
[WhiteElo "2510"]
[BlackElo "2624"]

1.c4 e6 2.Nf3 d5 3.d4 Nf6 4.Nc3 c6 5.e3 Nbd7 6.Bd3 dxc4 7.Bxc4 b5 8.Bd3 a6
9.e4 c5 10.d5 Qc7 11.Bc2 Bd6 12.O-O Bb7 13.dxe6 fxe6 14.Ng5 Nf8 15.Qf3 h6
16.Qh3 hxg5 17.Qxh8 O-O-O 18.Rd1 Ng6 19.Qh3 g4 20.Qe3 Bxh2+ 21.Kf1 Rxd1+
22.Bxd1 Bf4 23.Qe1 Bxc1 24.Rxc1 Qh2 25.g3 b4 26.Qe3 Qh1+ 27.Ke2 Qf3+ 28.Qxf3 gxf3+
29.Ke3 bxc3 30.Rxc3 Nxe4 31.Rc4 Nd6 32.Rxc5+ Kb8 33.g4 Nh4 34.Bb3 Ng2+ 35.Kd4 Ne4
36.Rc2 e5+ 37.Kxe5 Ne1 38.Bd5 Bxd5 39.Kxd5  0-1

[Event "Open"]
[Site "Lilie Litomysl CZE"]
[Date "2003.12.31"]
[Round "8"]
[White "Stodolova,K"]
[Black "Adamkova,S"]
[Result "1/2-1/2"]
[WhiteElo "2000"]
[BlackElo "2079"]

1.d4 c6 2.c4 d5 3.Nf3 Nf6 4.Nc3 e6 5.e3 Be7 6.Bd3 dxc4 7.Bxc4 b6 8.O-O O-O
9.Qc2 Ba6 10.Bxa6 Nxa6 11.a3 c5 12.Rd1 Qc7 13.Ne2 cxd4 14.Qxc7 Nxc7 15.Nexd4 Rfd8
16.b4 Rd5 17.Bb2 Rad8 18.Rdc1 Nce8 19.Nc6 R8d7  1/2-1/2

[Event "ch-AUS"]
[Site "Adelaide AUS"]
[Date "2004.01.02"]
[Round "4"]
[White "Thaw Chee Yin"]
[Black "Szuveges,N"]
[Result "1/2-1/2"]
[WhiteElo "2204"]
[BlackElo "1920"]

1.d4 d5 2.c4 e6 3.Nc3 c6 4.e3 Nf6 5.Nf3 Bd6 6.Qc2 Nbd7 7.g4 Nxg4 8.Rg1 Nh6
9.e4 dxe4 10.Bxh6 gxh6 11.Qxe4 Qf6 12.Bd3 Qf4 13.Rg4 Qxe4+ 14.Rxe4 Nf6 15.Rh4 h5
16.Ne4 Nxe4 17.Bxe4 Bd7 18.Ke2 f5 19.Bd3 Ke7 20.c5 Bc7 21.Rxh5 Rag8 22.b4 Kf6
23.Re1 Be8 24.Rh3 Rg4 25.Kf1 Bg6 26.b5 Re8 27.bxc6 bxc6 28.Rb1 Rb8 29.Rxb8 Bxb8
30.Ba6 h5 31.Bb7 Be8 32.Ke2 e5 33.dxe5+ Bxe5 34.Nxe5 Kxe5 35.Ra3 Kd5 36.Rxa7 Kxc5
37.Bc8 Bg6 38.Kf3 h4 39.Rg7 Bh5 40.Rxg4 Bxg4+ 41.Kf4 Kd4 42.a4 c5 43.f3 Bh3
44.Be6 c4 45.a5 c3 46.Bb3 Kc5  1/2-1/2

[Event "10th Open"]
[Site "Bosnjaci CRO"]
[Date "2004.01.04"]
[Round "3"]
[White "Tarakcija,H"]
[Black "Rosic,S"]
[Result "0-1"]
[WhiteElo "2253"]
[BlackElo "2303"]

1.d4 d5 2.Nf3 Nf6 3.c4 c6 4.Nc3 e6 5.e3 Nbd7 6.Bd3 dxc4 7.Bxc4 b5 8.Bd3 a6
9.e4 c5 10.e5 cxd4 11.Nxb5 Ng4 12.Qa4 Rb8 13.Nd6+ Bxd6 14.exd6 Qb6 15.Qxd4 Nde5
16.Be3 Qxd4  0-1

[Event "33rd Rilton Cup"]
[Site "Stockholm SWE"]
[Date "2004.01.05"]
[Round "9"]
[White "Namini,A"]
[Black "Gagarin,V"]
[Result "0-1"]
[WhiteElo "2119"]
[BlackElo "2439"]

1.d4 d5 2.c4 c6 3.Nf3 Nf6 4.Nc3 e6 5.e3 Nbd7 6.Qc2 Bd6 7.Bd3 O-O 8.O-O dxc4
9.Bxc4 b5 10.Bd3 Bb7 11.a3 a5 12.h3 b4 13.Na4 c5 14.dxc5 Rc8 15.e4 Bxc5 16.axb4 axb4
17.Qe2 Bd6 18.Rd1 Qc7 19.Bd2 Qb8 20.b3 Rfd8 21.Rdc1 Ne5 22.Nxe5 Bxe5 23.Rxc8 Rxc8
24.Rb1 Ba8 25.Rc1 Rxc1+ 26.Bxc1 h6 27.Bd2 Qd6 28.Bb1 Qd4 29.Qd3 Bxe4 30.Qxd4 Bxd4
31.Bxe4 Nxe4 32.Bxb4 Nxf2 33.Kf1 Ne4 34.Ke2 f5 35.Kd3 e5 36.Ba3 Kf7 37.b4 Ke6
38.b5 Kd5 39.Bf8 Ng5 40.Kc2 Ne6 41.Ba3 Nf4  0-1

[Event "ch-Commonwealth"]
[Site "Mumbai IND"]
[Date "2004.01.11"]
[Round "2"]
[White "Michelakis,G"]
[Black "Sahu,S"]
[Result "1-0"]
[WhiteElo "2432"]
[BlackElo "2277"]

1.d4 d5 2.c4 c6 3.Nf3 Nf6 4.e3 e6 5.Nc3 Nbd7 6.Qc2 Bd6 7.g4 Bb4 8.Bd2 a5
9.Bd3 h6 10.Rg1 Be7 11.g5 hxg5 12.Rxg5 Bf8 13.O-O-O Rh3 14.Rg3 Rxg3 15.hxg3 dxc4
16.Bxc4 b5 17.Be2 b4 18.Na4 Bb7 19.e4 Qc8 20.Bg5 Ba6 21.Bxa6 Qxa6 22.Ne5 Qb5
23.Bxf6 gxf6 24.Qxc6 Qxc6+ 25.Nxc6 Rc8 26.d5 Ne5 27.Nb6 Rc7 28.Kb1 Bc5 29.Nxe5 fxe5
30.d6 Rc6 31.Nc4 f6 32.Nxa5 Rxd6 33.Rxd6 Bxd6 34.Kc2 Bc5 35.f3 Kd7 36.Kb3 Kc7
37.Kc4 Bd4 38.Kxb4 Bxb2 39.Nb3 Kc6 40.a4 Kd6 41.Kb5 Bc3 42.Kb6 Bd4+ 43.Kb7 Bc3
44.a5 Bxa5 45.Nxa5 Kc5 46.Kc7 Kd4 47.Kd6 Ke3 48.Kxe6  1-0

[Event "ch-Commonwealth"]
[Site "Mumbai IND"]
[Date "2004.01.11"]
[Round "2"]
[White "Mohota,N"]
[Black "Lim Yee Weng"]
[Result "1-0"]
[WhiteElo "2337"]
[BlackElo "2311"]

1.d4 d5 2.c4 c6 3.Nf3 Nf6 4.Nc3 e6 5.e3 Nbd7 6.Bd3 dxc4 7.Bxc4 b5 8.Be2 Bb7
9.O-O a6 10.e4 c5 11.e5 Nd5 12.a4 b4 13.Ne4 Qb8 14.Re1 h6 15.a5 Be7 16.dxc5 Nxc5
17.Nxc5 Bxc5 18.Bd3 O-O 19.Bxh6 gxh6 20.Qc1 Qc7 21.Qxh6 f5 22.Qxe6+ Kg7 23.Nh4 Nf4
24.Nxf5+ Kh8 25.Qh6+ Qh7 26.Qxf4 Rg8 27.g3 Raf8 28.e6 Rxg3+ 29.Qxg3 Rg8 30.Re4 Rxg3+
31.hxg3 Bxe4 32.Bxe4 Qa7 33.Rd1 Qc7 34.Kg2 Qe5 35.Kf3 Qf6 36.g4 b3 37.Rc1 Qe5
38.e7 Bxe7 39.Rc8+ Kh7 40.Nxe7+ Kg7 41.Nf5+ Kf6 42.Rf8+ Kg5 43.Rg8+ Kf6 44.g5+ Kf7
45.Rg7+ Kf8 46.g6 Qh2 47.Rf7+ Ke8 48.Bc6+ Kd8 49.Rd7+ Kc8 50.Nd6+ Kb8 51.Rb7+ Ka8
52.Rh7+  1-0

[Event "ch-Commonwealth"]
[Site "Mumbai IND"]
[Date "2004.01.12"]
[Round "3"]
[White "Laxman,R"]
[Black "Himanshu,K"]
[Result "1-0"]
[WhiteElo "2335"]
[BlackElo "2076"]

1.d4 d5 2.c4 c6 3.Nc3 Nf6 4.Nf3 e6 5.e3 Nbd7 6.Qc2 Bd6 7.Bd3 b6 8.O-O Bb7
9.b3 O-O 10.Bb2 Rc8 11.Qe2 Re8 12.Rfd1 Qe7 13.e4 dxe4 14.Nxe4 Nxe4 15.Qxe4 Nf6
16.Qh4 h6 17.Re1 Nh7 18.Qh3 Ng5 19.Nxg5 Qxg5 20.Re4 f5 21.Re2 c5 22.Rae1 Kf7
23.d5 exd5 24.Qxf5+ Qxf5 25.Bxf5 Rxe2 26.Rxe2 Rd8 27.Be6+ Kf8 28.cxd5 Bf4
29.g3 Bg5 30.Re5 g6 31.f4 Bf6 32.Re2 Kg7 33.Be5 Bc8 34.Bxf6+ Kxf6 35.Bxc8 Rxc8
36.Re6+ Kf7 37.f5 gxf5 38.Rxh6 Rd8 39.d6 Kg7 40.Re6 Kf7 41.Re5 Kf6 42.Rd5 Ke6
43.Rd1 Rxd6 44.Rxd6+ Kxd6 45.Kf2 b5 46.Ke3 Ke5 47.h4 a6 48.a3 a5 49.a4 bxa4
50.bxa4 c4 51.Kd2 Kf6 52.Kc3 Kg6 53.Kxc4 Kh5 54.Kb5 Kg4 55.Kxa5 Kxg3 56.h5 f4
57.h6 f3 58.h7 f2 59.h8=Q f1=Q 60.Qe5+ Kh4 61.Qe7+ Kh5 62.Qe5+ Kg6 63.Kb6 Qb1+
64.Qb5 Qg1+ 65.Qc5 Qb1+ 66.Kc7 Kf7 67.a5 Qa1 68.Qc4+ Ke7 69.a6 Qa5+ 70.Kb7 Kd6
71.Qc6+ Ke5 72.Qc7+ Qxc7+  1-0

[Event "Excelsior Cup"]
[Site "Goteborg SWE"]
[Date "2004.01.14"]
[Round "7"]
[White "Akesson,J"]
[Black "Hector,J"]
[Result "1/2-1/2"]
[WhiteElo "2333"]
[BlackElo "2518"]

1.d4 d5 2.c4 c6 3.Nc3 Nf6 4.e3 e6 5.Nf3 Nbd7 6.Bd3 dxc4 7.Bxc4 b5 8.Be2 b4
9.Na4 Bb7 10.O-O Be7 11.a3 a5 12.Qc2 O-O 13.Rd1 c5 14.Nxc5 Nxc5 15.dxc5 Qc7
16.axb4 axb4 17.Rxa8 Rxa8 18.Ne1 Rb8 19.Nd3 b3 20.Qc4 Ne4 21.c6 Qxc6 22.Qxc6 Bxc6
23.f3 Nd6 24.Ne5 Be8 25.Nc4 Bb5 26.Nxd6 Bxe2 27.Rd2 Ba6 28.Ne4 f5 29.Nc3 Bb4
30.g4 fxg4 31.fxg4 Rc8 32.Rd7 Bxc3 33.bxc3 Rf8 34.Ba3 Rf1+ 35.Kg2 Ra1 36.Bb2 Rb1
37.Rd2 g5 38.Kf3 Bb7+ 39.e4 Rf1+ 40.Ke3 Re1+ 41.Kf2 Rh1 42.Ke3 Bc6 43.c4 Re1+
44.Re2 Rg1 45.Kd4 Rxg4 46.Ke5 Kf7 47.Ba3 Kg6 48.c5 h5 49.Re3 h4 50.Rxb3 Rxe4+
51.Kd6 Bd5 52.Rb8 Rc4 53.Bb2 Kf5 54.Rf8+ Kg4 55.Rg8 Rc2 56.Bf6 Kf5 57.Be7 Rg2
58.c6 h3 59.c7 Bb7 60.Kd7 e5 61.Rb8 Rb2 62.Ke8 Rxh2 63.Rxb7 Rc2 64.Kd7 h2
65.Rb1 Kf4 66.Rf1+ Kg3 67.Bxg5 Kg2 68.Rd1 e4 69.c8=Q  1/2-1/2

[Event "Excelsior Cup"]
[Site "Goteborg SWE"]
[Date "2004.01.14"]
[Round "7"]
[White "Rogozenko,D"]
[Black "Hultin,J"]
[Result "1-0"]
[WhiteElo "2517"]
[BlackElo "2300"]

1.d4 d5 2.c4 c6 3.Nc3 Nf6 4.e3 e6 5.Nf3 a6 6.b3 Bb4 7.Bd2 Bd6 8.Bd3 c5 9.O-O O-O
10.Rc1 Nc6 11.h3 Qe7 12.Re1 dxc4 13.bxc4 Rd8 14.Ne4 Nxe4 15.Bxe4 Bd7 16.Bb1 Be8
17.Qc2 g6 18.Bc3 Qc7 19.Ba1 e5 20.d5 Ne7 21.Qc3 f6 22.Nd2 Nc8 23.f4 Bf8 24.fxe5 fxe5
25.Qxe5 Qxe5 26.Bxe5 Nd6 27.Bf4 b5 28.Bd3 Nxc4 29.Nxc4 bxc4 30.Bxc4 Bb5 31.e4 Bg7
32.Be3 Re8 33.Bf2 Bd4 34.Bb3 Rad8 35.a4 Bd7 36.Bxd4 cxd4 37.e5 Rb8 38.e6 Bxe6
39.Rxe6  1-0

[Event "ch-Commonwealth"]
[Site "Mumbai IND"]
[Date "2004.01.14"]
[Round "5"]
[White "Sriram,J"]
[Black "Gogte,Y"]
[Result "1-0"]
[WhiteElo "2450"]
[BlackElo "2167"]

1.d4 d5 2.c4 c6 3.Nc3 Nf6 4.e3 e6 5.Nf3 Bd6 6.Qc2 Nbd7 7.g4 h6 8.Bd2 e5 9.cxd5 Nxd5
10.O-O-O exd4 11.Nxd4 N7f6 12.h3 Bd7 13.Nf5 Bxf5 14.Qxf5 Ne7 15.Qc2 Qc7 16.Bc4 Rf8
17.Qb3 Ng6 18.f4 O-O-O 19.Rhf1 Kb8 20.Kb1 Qe7 21.Qc2 Bc7 22.e4 Nd7 23.e5 Nb6
24.Bb3 Nd5 25.Nxd5 cxd5 26.Be3 Qh4 27.Rf3 Rc8 28.Bxd5 Qe7 29.Bc5 Qe8 30.Bxf8 Nxf8
31.Qb3 Bb6 32.Bxf7 Qc6 33.Bd5 Qg6+ 34.f5 Qe8 35.e6 Qe7 36.Rc3 Rd8 37.Rcd3 Rc8
38.a3 Nh7 39.Bg2 Nf6 40.Rd7 Nxd7 41.Rxd7  1-0

[Event "Welsh International"]
[Site "Newport WLS"]
[Date "2004.01.15"]
[Round "9"]
[White "Cobb,J"]
[Black "Rety,J"]
[Result "1-0"]
[WhiteElo "2321"]
[BlackElo "1997"]

1.d4 d5 2.c4 c6 3.Nf3 Nf6 4.Nc3 e6 5.e3 Be7 6.Bd3 b6 7.O-O O-O 8.Qe2 Bb7
9.b3 Nbd7 10.Bb2 Re8 11.Rad1 Bf8 12.e4 dxc4 13.Bxc4 b5 14.Bd3 Bb4 15.a3 Ba5
16.Bb1 Nf8 17.e5 Bxc3 18.Bxc3 Nd5 19.Bd2 Qb6 20.b4 Qc7 21.Ng5 f5 22.exf6 Nxf6
23.Rfe1 Rad8 24.Bc1 a5 25.Rd3 h6 26.Nf3 axb4 27.axb4 Ra8 28.Ne5 Qd6 29.Bxh6 Qxb4
30.Bxg7 Ra1 31.Bxf6 Rxb1 32.Qg4+  1-0

[Event "ch-Commonwealth"]
[Site "Mumbai IND"]
[Date "2004.01.16"]
[Round "7"]
[White "Vakhidov,T"]
[Black "Sundararajan,K"]
[Result "1/2-1/2"]
[WhiteElo "2515"]
[BlackElo "2437"]

1.d4 d5 2.c4 c6 3.Nc3 Nf6 4.e3 e6 5.Nf3 Nbd7 6.Qc2 Bd6 7.Bd3 dxc4 8.Bxc4 O-O
9.O-O a6 10.Rd1 b5 11.Be2 Qc7 12.e4 e5 13.g3 Re8 14.dxe5 Nxe5 15.Bg5 Nxf3+
16.Bxf3 Bg4 17.Bxg4 Nxg4 18.Qe2  1/2-1/2

[Event "ch-Commonwealth"]
[Site "Mumbai IND"]
[Date "2004.01.18"]
[Round "9"]
[White "Murshed,N"]
[Black "Iskusnyh,S"]
[Result "1-0"]
[WhiteElo "2436"]
[BlackElo "2482"]

1.d4 d5 2.c4 c6 3.Nc3 Nf6 4.e3 e6 5.Nf3 a6 6.Be2 c5 7.cxd5 exd5 8.O-O Nc6
9.Ne5 Be6 10.Qa4 Qb6 11.Rd1 Bd6 12.dxc5 Bxc5 13.Nxc6 bxc6 14.b3 Bb4 15.Bd2 Bd7
16.a3 Bd6 17.b4 Qb8 18.h3 O-O 19.Qc2 Re8 20.Bd3 Re5 21.Ne2 Qc8 22.Nd4  1-0

[Event "ch-Commonwealth"]
[Site "Mumbai IND"]
[Date "2004.01.18"]
[Round "9"]
[White "Laxman,R"]
[Black "Lodhi,M"]
[Result "0-1"]
[WhiteElo "2335"]
[BlackElo "2395"]

1.d4 d5 2.c4 c6 3.Nc3 Nf6 4.Nf3 e6 5.e3 Bd6 6.Qc2 O-O 7.Bd3 Nbd7 8.O-O h6
9.c5 Bc7 10.e4 dxe4 11.Nxe4 Nxe4 12.Bxe4 Nf6 13.Bd3 Nd5 14.Bd2 Qf6 15.Rfe1 Nf4
16.Be4 Bd7 17.Ne5 Rad8 18.Rad1 Bc8 19.Qc3 Ng6 20.Nxg6 fxg6 21.Qe3 Rxd4 22.Bc3 Rxe4
23.Qxe4 Qxf2+ 24.Kh1 Qxc5 25.Qxg6 Qe7 26.Rf1 Rxf1+ 27.Rxf1 e5 28.Re1 Qf8
29.Qg3 Be6 30.a3 Bd5 31.h3 Qf5 32.Kh2 Qc2 33.Bxe5 Bxe5 34.Rxe5 Qxb2 35.Re8+ Kf7
36.Rb8 a5 37.h4 b5 38.a4 b4 39.h5 Qf6 40.Ra8 Ke6 41.Qh3+ Ke5 42.Qg3+ Kd4
43.Qg6 Ke5 44.Qg3+ Kd4 45.Re8 Kc4 46.Re2 b3 47.Rf2 Qg5 48.Rf4+ Kc5 49.Rg4 Qxh5+
50.Kg1 Qf5 51.Qe3+ Kd6 52.Rxg7 Qe4 53.Qxh6+ Kc5 54.Qc1+ Qc2 55.Qe3+ Kb4 56.Qe1+ Ka3
57.Qa1+ Qa2 58.Qc1+ Qb2 59.Qc5+ Ka2 60.Rg3 Qa1+ 61.Kh2 Qe5 62.Qxa5 b2 63.Qb4 Qxg3+
64.Kxg3  0-1

[Event "Open"]
[Site "Auckland NZL"]
[Date "2004.01.20"]
[Round "4"]
[White "Reilly,T"]
[Black "Gibbons,R"]
[Result "1-0"]
[WhiteElo "2297"]
[BlackElo "2088"]

1.d4 d5 2.c4 c6 3.Nc3 Nf6 4.e3 e6 5.Nf3 Nbd7 6.Bd3 Be7 7.O-O O-O 8.e4 dxe4
9.Nxe4 Nxe4 10.Bxe4 Re8 11.Bf4 Nf6 12.Bc2 b6 13.Qe2 Bb7 14.Rad1 Nh5 15.Bxh7+ Kxh7
16.Ng5+ Bxg5 17.Qxh5+ Kg8 18.Bxg5 f6 19.Bf4 Qe7 20.Rfe1 Qf7 21.Qg4 Rad8 22.b3 Rd7
23.c5 Rd5 24.b4 b5 25.Bd6 Qh5 26.Qg3 e5 27.Qf3 Qxf3 28.gxf3 Kf7 29.dxe5 Rxd1
30.Rxd1 fxe5 31.Re1 Bc8 32.Bxe5 Be6 33.f4 Bd5 34.Re3 Re6 35.f5 Re7 36.a3 g6
37.fxg6+ Kxg6 38.f4 Kf5 39.Kf2 Rh7 40.h3 Rh6 41.Bd6 Re6 42.Be5 a6 43.h4 Rg6
44.Bd6 Be4 45.Kf1 Rh6  1-0

[Event "1st WinTV Open"]
[Site "Chennai IND"]
[Date "2004.01.21"]
[Round "1"]
[White "Sathya,Pri"]
[Black "Syed Anwar,S"]
[Result "0-1"]
[WhiteElo "1902"]
[BlackElo "2280"]

1.d4 d5 2.c4 e6 3.Nf3 c6 4.e3 Nf6 5.Nc3 Nbd7 6.Bd3 Bd6 7.c5 Bc7 8.b4 e5 9.Nd2 O-O
10.O-O Re8 11.b5 Nf8 12.Nb3 Ng6 13.h3 Bd7 14.Re1 e4 15.Bf1 Nh4 16.bxc6 bxc6
17.Kh1 Qc8 18.Bd2 Bg4 19.Qc2 Qf5 20.Bc1 Bxh3 21.gxh3 Qf3+ 22.Kg1 Ng4 23.Qe2  0-1

[Event "1st WinTV Open"]
[Site "Chennai IND"]
[Date "2004.01.22"]
[Round "2"]
[White "Vakhidov,T"]
[Black "Gunasekaran,K"]
[Result "1-0"]
[WhiteElo "2515"]
[BlackElo "2265"]

1.c4 c6 2.Nc3 d5 3.d4 Nf6 4.Nf3 e6 5.e3 Nbd7 6.Qc2 Bd6 7.Bd3 dxc4 8.Bxc4 b5
9.Be2 Bb7 10.O-O O-O 11.Rd1 Qb8 12.a3 a5 13.Bd2 Rc8 14.Ne4 Nxe4 15.Qxe4 c5
16.Qh4 Nf8 17.dxc5 Bxc5 18.b4 axb4 19.axb4 Bd6 20.Rxa8 Bxa8 21.Nd4 Bc6 22.Nxc6 Rxc6
23.h3 Ng6 24.Qe4 Ra6 25.Bc3 h6 26.Qd3 Bh2+ 27.Kh1 Rd6 28.Bd4 e5 29.Ba7 e4
30.Bxb8 exd3 31.Bxd3  1-0

[Event "TCh-AUT 2003-4"]
[Site "Velden AUT"]
[Date "2004.01.24"]
[Round "6"]
[White "Bischoff,K"]
[Black "Volkmann,F"]
[Result "1-0"]
[WhiteElo "2561"]
[BlackElo "2457"]

1.c4 c6 2.Nf3 d5 3.d4 Nf6 4.Nc3 e6 5.e3 Nbd7 6.Qc2 Bd6 7.b3 O-O 8.Be2 e5
9.Bb2 e4 10.Nd2 a6 11.g4 h6 12.h4 Re8 13.g5 hxg5 14.hxg5 Nh7 15.g6 Nhf6 16.gxf7+ Kxf7
17.O-O-O Nf8 18.f3 exf3 19.Nxf3 Ng4 20.Rdf1 Kg8 21.Bd3 Rxe3 22.Ne5 Bxe5 23.dxe5 Nxe5
24.Bh7+ Kh8 25.Bf5+ Kg8 26.Bh7+ Kh8 27.Ba3 Nf3 28.Nd1 Qg5 29.Nxe3 Qxe3+ 30.Kb1 Bh3
31.Rxh3 Nd2+ 32.Qxd2 Qxh3 33.Bd3 dxc4 34.Bxc4 Nh7 35.Bb2 b5 36.Bxg7+ Kxg7
37.Rg1+ Kf6 38.Qd6+  1-0

[Event "1st WinTV Open"]
[Site "Chennai IND"]
[Date "2004.01.25"]
[Round "6"]
[White "Murugan,K"]
[Black "Digesh,S"]
[Result "1/2-1/2"]
[WhiteElo "2390"]
[BlackElo "2217"]

1.d4 d5 2.c4 e6 3.Nf3 c6 4.e3 Nf6 5.Nc3 Nbd7 6.Qc2 Bd6 7.Be2 O-O 8.O-O e5
9.cxd5 cxd5 10.Nb5 Bb8 11.dxe5 Nxe5 12.Bd2 Nxf3+ 13.Bxf3 Ng4 14.Bxg4 Bxg4
15.Bb4 Re8 16.Rfc1 Qg5 17.Bd6 Bd7 18.Bxb8 Bxb5 19.Bf4 Qf6 20.Qd2 Bc6 21.Bc7 Qe7
22.Ba5 Qe4 23.Qd4  1/2-1/2

[Event "1st WinTV Open"]
[Site "Chennai IND"]
[Date "2004.01.27"]
[Round "7"]
[White "Sundararajan,K"]
[Black "Smirnov,P"]
[Result "1/2-1/2"]
[WhiteElo "2437"]
[BlackElo "2609"]

1.d4 d5 2.c4 c6 3.Nc3 Nf6 4.e3 e6 5.Nf3 Nbd7 6.Bd3 dxc4 7.Bxc4 b5 8.Bd3 Bb7
9.e4 b4 10.Na4 c5 11.e5 Nd5 12.Nxc5 Nxc5 13.dxc5 Bxc5 14.O-O h6 15.Nd2 O-O
16.Ne4 Bd4 17.Nd6 Bc6 18.Bh7+ Kxh7 19.Qxd4 f6 20.Bd2 fxe5 21.Qxe5 Qd7 22.Nc4 Rf5
23.Qg3 Nb6 24.Rac1 Nxc4 25.Rxc4 Qxd2 26.Rxc6 Qxb2 27.Rxe6 Raf8 28.Qd3 Qxa2
29.Ra6 Qd5 30.Qxd5 Rxd5 31.Rxa7 Rb8 32.Ra2 b3 33.Rb2 Kg6 34.Rfb1 Rd3 35.g3 Kf5
36.Re2 g5 37.Kg2 g4 38.h3 h5 39.hxg4+ hxg4 40.Rbb2 Rc8 41.Rb1 Rcc3 42.Re8 Rf3
43.Rb2 Kf6 44.Re4 Rfd3 45.Rxg4 Ke5 46.Rg8 Kd4 47.Rb8 Kc4 48.Kh3 Rd1 49.Kh4 Rh1+
50.Kg5 Rh2 51.g4 Rf3 52.Kg6 Rg2 53.g5 Rg1 54.Rb7 Rg2 55.Rb8  1/2-1/2

[Event "1st WinTV Open"]
[Site "Chennai IND"]
[Date "2004.01.27"]
[Round "8"]
[White "Murugan,K"]
[Black "Visweswaran,K"]
[Result "1/2-1/2"]
[WhiteElo "2390"]
[BlackElo "2325"]

1.d4 d5 2.c4 c6 3.Nf3 Nf6 4.Nc3 e6 5.e3 Nbd7 6.Qc2 Bd6 7.Be2 O-O 8.O-O dxc4
9.Bxc4 a6 10.a3 c5 11.dxc5 Bxc5 12.b4 Be7 13.Bb2 b5 14.Bd3 Bb7 15.e4 Qb8
16.Rad1 Rc8 17.Qe2 Bd6 18.Bb1 Ne5 19.Rxd6 Qxd6 20.Nxe5 Qxe5 21.Nd5 Qg5 22.Ne7+ Kf8
23.Nxc8 Rxc8 24.Rd1 Qf4 25.f3 Qc7 26.Qd2 Ne8 27.Bd4 Kg8 28.Bc5 Bc6 29.Qg5 h6
30.Qd2 Nf6 31.Qc2 Nd7 32.Bd6 Qb6+ 33.Kh1 Bb7 34.Qd3 Qc6 35.e5 Nf8 36.Bc5 Qd5
37.Qxd5 Bxd5 38.Kg1 Nd7 39.Bd4 Bb3 40.Re1 Rc4 41.Bb2 Nb6 42.Bd3 Rc8 43.Bd4 Nc4
44.Rc1 Rd8 45.Bxc4 bxc4 46.Bc3 Rd3 47.Kf2 Kf8 48.Ke2 Ke8 49.Bd2 Rd5 50.f4 Kd7  1/2-1/2

[Event "1st WinTV Open"]
[Site "Chennai IND"]
[Date "2004.01.27"]
[Round "8"]
[White "Suvrajit,S"]
[Black "Gopal,K"]
[Result "1/2-1/2"]
[WhiteElo "2351"]
[BlackElo "2232"]

1.d4 Nf6 2.c4 e6 3.Nc3 d5 4.Nf3 c6 5.e3 Nbd7 6.Bd3 dxc4 7.Bxc4 b5 8.Bd3 a6
9.e4 c5 10.d5 exd5 11.e5 Ng4 12.Nxd5 Ndxe5 13.O-O Nxd3 14.Qxd3 Be6 15.Re1 Be7
16.Bg5 Nf6 17.Bxf6 Bxf6 18.Nxf6+ Qxf6 19.Qd6 Rc8 20.Rad1 Qe7 21.Qxa6 O-O
22.Qxb5 Qf6 23.Ne5 Rb8 24.Qe2 h6 25.b3 Rfd8 26.h3 Ra8 27.Rc1 Rd5 28.Rc3 Rad8
29.Qe3 Rd2 30.a4 Rb2 31.Nf3 Rb8 32.Nd2 Qd4 33.Qxd4 cxd4 34.Rd3 Bxb3 35.Nxb3 R8xb3
36.Rxd4 Ra2 37.Re8+ Kh7 38.Rf4 Rb7 39.Ra8 g6 40.g4 Kg7 41.Kg2 Rd7 42.h4 Rc7
43.Rd8 g5 44.hxg5 hxg5 45.Rf5 Rxa4 46.Rxg5+ Kf6 47.Rdd5 Rc6 48.Kf3 Ke7 49.Rgf5 Rg6  1/2-1/2

[Event "1st WinTV Open"]
[Site "Chennai IND"]
[Date "2004.01.28"]
[Round "9"]
[White "Swati,M"]
[Black "Syed Anwar,S"]
[Result "0-1"]
[WhiteElo "2121"]
[BlackElo "2280"]

1.d4 d5 2.c4 e6 3.Nc3 c6 4.e3 Nf6 5.Nf3 Nbd7 6.Qc2 Bd6 7.Be2 O-O 8.O-O h6
9.h3 Qe7 10.Rd1 Re8 11.e4 dxe4 12.Nxe4 Nxe4 13.Qxe4 e5 14.dxe5 Nxe5 15.Be3 Bc7
16.Qc2 Nxf3+ 17.Bxf3 Qe5 18.Rac1 Bf5 19.Qc3 Qh2+ 20.Kf1 Re6 21.c5 Rae8 22.Ke2 Bf4
23.Rh1 Bxe3 24.fxe3 Qf4 25.Kf2 Rxe3 26.Rhe1 Rxf3+ 27.Qxf3 Qd2+ 28.Kg3 Rxe1
29.Qxf5 Qe3+ 30.Kh2 Qg1+ 31.Kg3 Re3+ 32.Kh4 g5+ 33.Kh5 Qxc1 34.Kxh6 Re6+
35.Kh5 Qf4  0-1